000 00772cam a2200217 i 4500
005 20131028062848.0
008 830524s1979 xx abf 001 0 eng d
041 0 _aeng
080 _a323.269.9
_x(548.7)
100 1 _aAlles, A. C.,
_d1911-
245 1 0 _aInsurgency, 1971 :
_cby A. C. Alles.
250 _a3d. ed., rev. and enl.
260 _a[s.l. :
_bs.n.],
_c1979
_e(Colombo :
_fColombo Apothecaries' Co.)
300 _aviii, 296, xxviii p., [5] leaves of plates :
_bill., maps ;
_c22 cm.
500 _aPreface : f. VII - VIII
500 _aIncludes index.
504 _aBibliography: p. 296.
650 _aKryengritja
_xHistoria
_y1971
_zSri Lanka
651 0 _aSri Lanka
_xHistoria
_yRebelimi, 1971.
942 _2udc
_cBK
999 _c163
_d163